La Guardia civil : (Record no. 193550)

MARC details
000 -LEADER
campo de control de longitud fija 02406nam a2200265 i 4500
001 - NÚMERO DE CONTROL
campo de control 193550
003 - IDENTIFICADOR DE NÚMERO DE CONTROL
campo de control ES-MaACL
005 - FECHA Y HORA DE LA ÚLTIMA TRANSACCIÓN
campo de control 20250708203049.0
008 - DATOS DE LONGITUD FIJA--INFORMACIÓN GENERAL
campo de control de longitud fija 240131s2023 sp ||||| |||| 00| 0 spa d
020 ## - NÚMERO INTERNACIONAL ESTÁNDAR DEL LIBRO
Número Internacional Estándar del Libro 9798860557116
020 ## - NÚMERO INTERNACIONAL ESTÁNDAR DEL LIBRO
Número Internacional Estándar del Libro 9798858662754
040 ## - FUENTE DE CATALOGACIÓN
Centro catalogador/agencia de origen ES-MaACL
Centro/agencia transcriptor ES-MaACL
100 ## - ENTRADA PRINCIPAL--NOMBRE DE PERSONA
Nombre de persona Gilaranz, Miguel
9 (RLIN) 234850
Término indicativo de función/relación Autor
245 ## - MENCIÓN DEL TÍTULO
Título La Guardia civil :
Resto del título los últimos de guinea /
Mención de responsabilidad, etc. Miguel Gilaranz Martínez.
264 #1 - PRODUCCIÓN, PUBLICACIÓN, DISTRIBUCIÓN, FABRICACIÓN Y COPYRIGHT
Producción, publicación, distribución, fabricación y copyright [Polonia] :
Nombre del de productor, editor, distribuidor, fabricante Amazon,
Fecha de producción, publicación, distribución, fabricación o copyright @ 2023
300 ## - DESCRIPCIÓN FÍSICA
Extensión [sin paginar] ;
Dimensiones 24 cm
520 ## - RESUMEN, ETC.
Sumario, etc. Con prólogo de don Jesús Narciso Núñez Calvo, Coronel de la Guardia Civil (R) y Doctor en Historia, la novela se inicia a primeros de septiembre de 1968, un mes antes de la Declaración de Independencia de Guinea Ecuatorial, prevista para el 12 de octubre de 1968. Las noticias que llegan al despacho de Carrero Blanco son confusas y en ocasiones contradictorias. Ante esta situación, el General de los Servicios Especiales de la Guardia Civil decide enviar a Lucena, un joven Teniente, para que informe de todo lo que realmente está ocurriendo en las dos provincias españolas de Fernando Poo y Río Muni, siendo testigo directo de los problemas que tuvo Manuel Fraga para firmar las actas de independencia, y de los obstáculos por parte del Ministerio de Asuntos Exteriores español, para que el proceso se desarrollase sin incidentes. ¿Qué papel jugaron personajes como Francisco Paesa, Miguel Herrero de Miñón, Marcelino Oreja o Fernando Morán, ¿entre otros? ¿Cómo consiguió la Guardia Civil repatriar a 6.800 españoles y evitar una catástrofe humanitaria como en los países vecinos de Gabón y Camerún? Estas y otras muchas preguntas quedan resueltas en esta trepidante novela, gracias a testimonios no conocidos hasta la fecha, y que supuso, sin lugar a dudas, la mayor evacuación de civiles españoles en un país extranjero en la Historia de España.
852 ## - LOCALIZACIÓN
Ubicación Es-MaACL
Sublocalización o colección R.154832
Ubicación en estantería Depósito J
Número de control de estantería N-9642
Donativo/Legado Donación: Miguel Gilaranz
itemnumber 201144
Anotaciones manuscritas Dedicatoria autógrafa del autor
Encuadernación Encuadernación cartoné
903 ## - NOMBRE PERSONAL DE DONANTE
9 234850
a Gilaranz, Miguel
e Donante
942 ## - ELEMENTOS DE ENTRADA SECUNDARIOS (KOHA)
Suprimir en OPAC No
Tipo de ítem Koha Libro impreso
Holdings
Estatus retirado Estado de pérdida Fuente del sistema de clasificación o colocación Estado de daño No para préstamo Colección Biblioteca de origen Biblioteca actual Fecha de adquisición Fuente de adquisición Total de préstamos Signatura topográfica completa Código de barras Visto por última vez Precio de reemplazo Tipo de ítem Koha Nota pública
    Clasificación decimal universal     Libros con dedicatorias Biblioteca del Ateneo de Madrid Biblioteca del Ateneo de Madrid 15/11/2023 Donación   N-9642 101206539 31/01/2024 31/01/2024 Libro impreso Dedicatoria autógrafa del autor